| Registos Bibliográficos associados ao registo de autoridade |
|
Etiqueta de registo: 00000nkm 2200025 450 001 2253946 003 http://id.bnportugal.gov.pt/bib/catbnp/2253946 100 ## $a20260123d1997 m y0pory01030103ba 101 0# $apor 102 ## $aPT 200 1# $aXI festival internacional de folclore Alcanena, praça 8 de maio, 25 de julho 97$bVisual gráfico]$fCâmara Municipal de Alcanena 210 #9 $aAlcanena$cCâmara Municipal de Alcanena,$d1997$eVila Moreira :$gGráfica Vilamor, Lda.) 215 ## $a1 cartaz$ccolor.$d61x43 cm 675 ## $a766(=1:469)"199"(084.5)$vBN$zpor$3589138 710 01 $aAlcanena.$bCâmara Municipal$3183992 712 12 $aFestival Internacional de Folclore,$d11,$eAlcanena,$f1997$4557$31999006 801 #0 $aPT$bBN$gRPC 966 ## $lBN$mICONOG$sCT. 17635 A.$x1 971 ## $cCaticonografia9$d20260123 972 ## $d20260521$e0$vtoliveira$z0 995 ## $aPRR2026 $d20260123$iCaticonografia9
|
|
|